000 00617nam a2200205Ia 4500
003 GCL
008 140319s9999 xx 000 0 ara d
040 _aGCL /
_cGCL
082 0 4 _aع
_b635.9
_bص ك
100 1 _aعزالدين فراج
245 1 0 _aكتاب نباتات الزينة وطرق تنسيقها فى الحدائق /
_cعزالدين فراج
700 1 _aصبحى نجيب
260 _a[S.N] :
_bدار الفكر العربى ،
_c1980
300 _a298 ص
490 _a
650 0 4 _aالحدائق
650 0 4 _aنباتات الزينة
650 0 4 _aالتنسيق
942 _2ddc
_cBK
999 _c30345
_d30345